| 000 | 00885nas a2200277 4500 | ||
|---|---|---|---|
| 001 | BR0301313 | ||
| 003 | BR-BrBNA | ||
| 005 | 20231205103636.0 | ||
| 007 | ta | ||
| 008 | 230509b bl.|||p| |||| 00| 00por d | ||
| 040 |
_aBR-BrBNA _bpor _cBiblioteca Nacional de Agricultura |
||
| 041 | _a(Pt) | ||
| 072 | _aH60 | ||
| 100 | 1 | _aAlbert, L.H. de B. | |
| 100 | 1 | _aVictoria Filho, R. | |
| 245 | 1 | _aCaracterísticas morfológicas da cutícula foliar e efeitos de adjuvantes no controle químico de três espécies de guanxumas | |
| 650 | _aHERBICIDA | ||
| 650 | _aGUANXUMA | ||
| 650 | _aCONTROLE QUÍMICO | ||
| 650 | _aEFEITO RESIDUAL | ||
| 650 | _aMORFOLOGIA VEGETAL | ||
| 650 | _aSÃO PAULO | ||
| 773 | 0 |
_tCiência e Agrotecnologia (Brazil) _xISSN 1413-7054 _g(Sep-Oct 2002), v. 25(5) p. 888-899 _wBR0301313 |
|
| 909 |
_a202311 _bLúcia _c55 _dLúcia Elande |
||
| 942 |
_2AGRIS _n0 _cANA |
||
| 999 |
_c173970 _d173970 |
||